| 000 | 01049nam a2200301 4500 | ||
|---|---|---|---|
| 001 | 0000016875 | ||
| 003 | CO-CtgCURN | ||
| 005 | 20250509154409.0 | ||
| 007 | ta | ||
| 008 | 160627s1995 000 0 eng d | ||
| 020 | _a9583501433 | ||
| 040 |
_aCO-CtgCURN _bspa _ccoctgcurn |
||
| 082 | 0 |
_a341 _bG19d |
|
| 100 | 1 | _aGaviria Lievano, José Enrique. | |
| 245 | 1 | 0 |
_aDerecho internacional publico / _cEnrique Lievano Gaviria. |
| 250 | _a5a ed. | ||
| 260 |
_aBogotá : _bTemis, _c1995. |
||
| 300 | _a640 p. | ||
| 336 | _2rdacontent | ||
| 337 |
_2rdamedia _asin mediacion _bn |
||
| 338 |
_2rdacarrier _avolumen _bnc |
||
| 500 | _aIncluye indice. | ||
| 505 | 8 | _aNociones generales.--Historia y origen del derecho internacional.--Las fuentes del dertecho internacional.--Los sujetos del derecho internacional (el estado).--Otros sujetos del derecho internacional | |
| 650 | 1 | 4 | _aDerecho internacional publico. |
| 908 | _a160627 | ||
| 942 |
_cBK _h341 _iG19d _2ddc _n0 |
||
| 999 |
_c18864 _d18864 |
||